000 00581nam a2200205Ia 4500
005 20260415160350.0
008 008 250505s9999 xx 000 0 eng d
037 _aTextual
040 _aFEDL
_beng
_cFEDL
041 _aeng
_2eng
084 _a150.195 FEN
_qFEDL
100 _aFenichel Otto
245 0 _aPsychoanalytic theory on neurosis
260 _aLondon, UK
_bKegan Paul, Trench, Trubner and Co. Ltd
_c1945
300 _ax,703p.
365 _aINR
_b34
650 _aPsychology
942 _cTEXL
_h150.195 FEN
999 _c1322142
_d1322142